Statistics for Biggest Cities of Ming China in 1500 with a Map

Click here to take the quiz!

General Stats

  • This quiz has been taken 208 times
  • The average score is 23 of 40

Answers on the Map

Answers color-coded by a green-red scale on the quiz's map according to % correct below.
 

Answer Stats

PopulationCity% Correct
672kBeijing
99%
150kGuangzhou
96%
127kXi'an
95%
64kWuchang
93%
30kTianjin
92%
147kNanjing
91%
27kChongqing
88%
85kChengdu
87%
250kHangzhou
82%
50kKunming
79%
83kFuzhou
74%
122kSuzhou
74%
35kChangsha
69%
31kDali
69%
27kShenyang
69%
30kNingbo
67%
30kNanning
62%
80kKaifeng
60%
39kJinan
59%
27kLuzhou
59%
61kTaiyuan
52%
50kNanchang
51%
60kQuanzhou
48%
60kYangzhou
46%
55kXuzhou
45%
25kBaoding
41%
33kChangzhou
39%
25kWuzhou
36%
30kHanzhong
35%
35kHuaiyin
35%
30kShaoxing
35%
29kXiangyang
35%
38kZhenjiang
35%
31kJingdezhen
33%
29kLiaoyang
33%
29kXiangtan
33%
25kJining
32%
40kJiujiang
32%
25kJiangling
29%
25kFengxiang
18%

Score Distribution

Percentile by Number Answered

Percent of People with Each Score

Your Score History

You have not taken this quiz